More Ghosts Of Singapore

Bibliographic Details
Main Author: Goh Sin Tub
Format: Book
Published: Singapore : Heinemann Asia , 1991
Subjects:

MARC

LEADER 00000cam a2200000 7i4500
001 0000003976
002 000004281
005 20000330.0
020 |a 9971642441 
090 0 0 |a F   |b GOH 
100 0 |a Goh Sin Tub 
245 1 0 |a More Ghosts Of Singapore   |c Goh Sin Tub 
260 |a Singapore :   |b Heinemann Asia ,   |c 1991 
300 |a 217p. ;   |c 17cm. 
650 0 0 |a Ghost fiction 
999 |a 035418   |b BUKU   |c PINJAMAN   |e PERPUSTAKAAN KOMUNITI PETALING JAYA